| 000 -LEADER |
| fixed length control field |
01148nam a2200253 a 4500 |
| 003 - CONTROL NUMBER IDENTIFIER |
| control field |
AR-BaISA |
| 005 - DATE AND TIME OF LATEST TRANSACTION |
| control field |
20190307105832.0 |
| 007 - PHYSICAL DESCRIPTION FIXED FIELD--GENERAL INFORMATION |
| fixed length control field |
ta |
| 008 - FIXED-LENGTH DATA ELEMENTS--GENERAL INFORMATION |
| fixed length control field |
160204s2016 sp ad | |||| 00| 0 spa d |
| 020 ## - INTERNATIONAL STANDARD BOOK NUMBER |
| International Standard Book Number |
9788490226810 |
| 040 ## - CATALOGING SOURCE |
| Transcribing agency |
AR-BaISA |
| 082 04 - DEWEY DECIMAL CLASSIFICATION NUMBER |
| Edition number |
22 |
| Classification number |
616.890 231 G134 |
| 100 10 - MAIN ENTRY--PERSONAL NAME |
| 9 (RLIN) |
926 |
| Personal name |
Galiana Roch, José |
| Relator term |
aut. |
| 245 10 - TITLE STATEMENT |
| Title |
Enfermería psiquiátrica / |
| Statement of responsibility, etc. |
José Galiana Roch |
| 260 ## - PUBLICATION, DISTRIBUTION, ETC. |
| Place of publication, distribution, etc. |
Barcelona: |
| Name of publisher, distributor, etc. |
Elsevier, |
| Date of publication, distribution, etc. |
2016 |
| 300 ## - PHYSICAL DESCRIPTION |
| Extent |
XVI, 373 p.: |
| Other physical details |
il., graf.; |
| Dimensions |
24 cm. |
| 336 ## - CONTENT TYPE |
| Content type term |
Texto (visual) |
| Source |
isbdcontent |
| 337 ## - MEDIA TYPE |
| Media type term |
sin mediación |
| Source |
isbdmedia |
| 504 ## - BIBLIOGRAPHY, ETC. NOTE |
| Bibliography, etc. note |
Bibliografía al final de cada capítulo |
| 505 ## - FORMATTED CONTENTS NOTE |
| Title |
Introducción a la enfermería psiquiátrica y salud mental -- |
| -- |
Enfermería psiquiátrica y principales trastornos de salud mental, psicopatología y clínica psiquiátrica -- |
| -- |
Modalidades de tratamiento terapéutico en salud mental y actuación enfermera -- |
| -- |
Enfermería de salud mental comunitaria -- |
| -- |
Administración, ética y legislación en salud mental -- |
| -- |
Investigación de enfermería en salud mental |
| 650 14 - SUBJECT ADDED ENTRY--TOPICAL TERM |
| Topical term or geographic name entry element |
Enfermería psiquiátrica |
| 9 (RLIN) |
106 |
| 650 14 - SUBJECT ADDED ENTRY--TOPICAL TERM |
| Topical term or geographic name entry element |
Salud mental |
| 9 (RLIN) |
140 |
| 942 ## - ADDED ENTRY ELEMENTS (KOHA) |
| Source of classification or shelving scheme |
|
| Koha item type |
Libros |